Estadísticas para Países en el Hemisferio del Sur

Haz click aquí para tomar la prueba!

Estadísticas generales

  • Esta prueba ha sido tomada 2.286 veces
  • La puntuación promedio es 40 de 48

Estadísticas de respuestas

País% Correcto
Argentina
99%
Brasil
99%
Chile
99%
Uruguay
99%
Paraguay
98%
Bolivia
98%
Australia
97%
Ecuador
97%
Perú
97%
Sudáfrica
96%
Nueva Zelanda
94%
Colombia
94%
Indonesia
91%
República Democrática
del Congo
90%
Madagascar
89%
República del Congo
89%
Angola
87%
Zambia
86%
Lesoto
86%
Zimbabue
86%
Namibia
85%
Kenia
84%
Botsuana
83%
Suazilandia
83%
Tanzania
83%
Mozambique
82%
Fiyi
82%
Papua Nueva Guinea
80%
Ruanda
80%
Uganda
80%
Islas Salomón
78%
Vanuatu
78%
Tuvalu
77%
Timor Oriental
76%
Tonga
75%
Samoa
75%
Seychelles
75%
Kiribati
74%
Mauricio
74%
Burundi
74%
Nauru
73%
Malaui
72%
Gabón
71%
Comoras
70%
Somalia
69%
Guinea Ecuatorial
68%
Maldivas
66%
Santo Tomé y Príncipe
57%

Distribución de puntuación

Porcentaje por número respondido

Porcentaje de gente con cada puntuación

Historial de tus puntuaciones

No has tomado esta prueba